000 00630nam a22001817a 4500
005 20251108175940.0
008 250721s2023 xx 000 0 ara d
082 1 4 _a811.06/عوي
100 1 _aالعويدي، خليفة فهد
245 1 0 _aمترادفات من الايات و الابيات في المعنى :
_bقل هل يستوي الذين يعلمون والذين لا يعلمون /
264 1 _aعمان :
_bالمؤلف،
_c2023.
300 _a149ص.
650 1 7 _aالشعر الديني
650 1 7 _aآيات القرآن
650 1 7 _aاللغة العربية
942 _2ddc
_cBK
999 _c146221
_d146221